000 00509nam a2200193Ia 4500
005 20250508161936.0
008 008 250505s9999 xx 000 0 eng d
020 _a81-7092-004-3
037 _aReference
040 _aFEDL
_beng
_cFEDL
041 _aeng
_2eng
084 _a150.3, DRE
_qFEDL
100 _aDrever James
245 0 _aDictionary of psychology
260 _aHarmondsworth
_bPenguin Books
_c1952
300 _a315p.
942 _cREF
_h150.3, DRE
999 _c1373396
_d1373396